Malaysia electronics & electrical industries

Bibliographic Details
Format: Book
Published: Kuala Lumpur : BT Information Sdn. Bhd , 1993
Subjects:

MARC

LEADER 00000cam a2200000 7i4500
001 0000000680
002 000000776
005 20000330.0
020 |a T000000162 
090 0 0 |a 621.38109595   |b MAL 
245 0 0 |a Malaysia electronics & electrical industries 
260 |a Kuala Lumpur :   |b BT Information Sdn. Bhd ,   |c 1993 
300 |a 205p :   |b ill ;   |c 25cm. 
500 |a Library has directory published in April 1998 
650 0 0 |a Electronic apparatus and appliances   |z Malaysia 
650 0 0 |a Manufactures   |z Malaysia   |x Directories 
999 |a 029464   |b BUKU   |c RUJUKAN   |e PERPUSTAKAAN KOMUNITI PETALING JAYA 
999 |a 076931   |b BUKU   |c PINJAMAN   |e PERPUSTAKAAN KOMUNITI PETALING JAYA